000 00432nam a2200145 i 4500
001 23914
003 ES-MaACL
007 t|
008 021213s1888 sp ||||1| spa d
100 1 _aAnsart, Andrés Josef.
_921825
245 1 3 _aEl espíritu de San Vicente de Paul o modelo de conducta a seguir /
_cpor Andrés Josef Ansart.
260 _aBarcelona :
_b[s.n.],
_c1888.
300 _a358 p. ;
_c21 cm.
852 _aES-MaACL
_jB-9474
999 _c23914
_d23914